The General Theory Of Employment Interest & Money (Record no. 551327)

MARC details
000 -LEADER
fixed length control field 00526nam a2200193Ia 4500
008 - FIXED-LENGTH DATA ELEMENTS--GENERAL INFORMATION
fixed length control field 240825s9999 xx 000 0 und d
020 ## - INTERNATIONAL STANDARD BOOK NUMBER
ISBN 9788180942716
Paper back/Hardbound hbk
041 ## - LANGUAGE CODE
Language code of text/sound track or separate title eng
082 ## - DEWEY DECIMAL CLASSIFICATION NUMBER
Classification number 330.156 KEY
100 ## - MAIN ENTRY--AUTHOR NAME
Personal name Keynes, John Maynard
245 #4 - TITLE STATEMENT
Title The General Theory Of Employment Interest & Money
Statement of responsibility, etc / John Maynard Keynes
250 ## - EDITION STATEMENT
Edition statement 1st ed.
260 ## - PUBLICATION, DISTRIBUTION, ETC. (IMPRINT)
Name of publisher Mjp,
Year of publication 2022.
Place of publication Chennai :
300 ## - PHYSICAL DESCRIPTION
Number of Pages 384 p. ;
Dimensions 21cm.
Other physical details xxiv ;
504 ## - BIBLIOGRAPHY, ETC. NOTE
Bibliography, etc Includes index
650 ## - SUBJECT ADDED ENTRY--TOPICAL TERM
Topical Term Economics
942 ## - ADDED ENTRY ELEMENTS (KOHA)
Koha item type English Books
Holdings
Withdrawn status Lost status Damaged status Not for loan Home library Current library Shelving location Date acquired Cost, normal purchase price Full call number Accession Number Price effective from Koha item type
        Anna Centenary Library Anna Centenary Library 4TH FLOOR, A WING 12.04.2024 2850.00 330.156 KEY 676562 12.04.2024 Reference

Find us on the map